| 000 | 01291nam0a22002531 4500 | ||
|---|---|---|---|
| 001 | rc\650821 | ||
| 005 | 20031121165016.5 | ||
| 035 | _a(NLR Aleph) 005891022 | ||
| 090 |
_a6177580 _c6177580 |
||
| 100 | _a20031121d1986 u |0rusy50 ca | ||
| 101 | 0 | _arus | |
| 102 | _aRU | ||
| 105 | _ay ||||||||| | ||
| 200 | 1 |
_aТекст лекции по курсу "Экономическая география зарубежных стран". Международное социалистическое и капиталистическое разделение общественного труда, география мировых экономических связей _fБелорус. гос. ин-т нар. хоз-ва им. В.В. Куйбышева, Каф. экон. географии _g[Подгот. Н.К. Соколовский] |
|
| 210 |
_aМинск _cБГИНХ _d1986 |
||
| 215 |
_a24 с. _d20 |
||
| 320 | _aБиблиогр.: с. 1 (7 назв.) | ||
| 702 | 1 |
_aСоколовский _bН. К. _gНиколай Корнеевич _4570 |
|
| 712 | 0 | 2 |
_aБелорусский ин-т народного хозяйства им. В.В. Куйбышева _cМинск |
| 801 | 0 |
_aRU _bNLR _gpsbo |
|
| 801 | 1 |
_aRU _bELAR _2rusmarc |
|
| 852 |
_aNLR _j86-4/7997 |
||
| 942 | _cBOOK | ||
| 980 | _aNB | ||